Statistics for Irish War of Independence Commander and Leaders

Click here to take the quiz!

General Stats

  • This quiz has been taken 24 times
  • The average score is 2 of 13

Answer Stats

Leaders/Commanders% Correct
Irish Leaders / CommandersMichael Collins
100%
Éamon de Valera
79%
David Lloyd George
26%
Cathal Brugha
21%
Arthur Griffin
5%
British Leaders / CommandersFrederick Shaw
5%
Richard Mulcahy
5%
Hamar Greenwood
0%
Henry Hugh Taylor
0%
Ian Macpherson
0%
Lord FitzAlan
0%
Lord French
0%
Nevil Macready
0%

Score Distribution

Percentile by Number Answered

Percent of People with Each Score

Your Score History

You have not taken this quiz